000 00381nam a2200145Ia 4500
008 230917s9999||||xx |||||||||||||| ||und||
040 _e169632
_aMAIN
041 _aEnglish
082 _a658.3 N213R:E
100 _aRamderia, K N
245 0 _aEmployee cost effectiveness
260 _aCalcutta
_bNational Institute of Personnel Management
_c1982
300 _a12 p.
942 _cBK
999 _c92064
_d92064